000
00219 a2200097 4500
001
30343
100
_a
Flourev, M
245
_a
An anthology of modern prose
260
_a
London
_b
Cassell & Co
_c
090
_c
20294
_d
20294
942
_a
NUST-CAE
_c
M
_c
11441
999
_c
265416
_d
265416